| 000 | 01308nam a2200229 i 4500 | ||
|---|---|---|---|
| 001 | 178978 | ||
| 003 | ES-MaACL | ||
| 005 | 20250701220541.0 | ||
| 008 | 110817s1905 fr |||| | fre d | ||
| 245 | 0 | 0 |
_aEnseignement et démocratie : leçons professées à l'École des Hautes Études Sociales / _cpar MM. Alfred Croiset, E. Devinat, J. Boitel... [et al.]. |
| 260 |
_aParis : _bFélix Alcan, _c1905. |
||
| 300 |
_aII, 343 p. ; _c22 cm. |
||
| 490 | 1 |
_aBibliothèque générale des sciences sociales ; _v25 |
|
| 505 | 8 | _aContiene: Avant-propos. - Les divers types d'enseignement et leurs rapports, par A. Croiset. - Lécole primaire française, par E. Devinat. - Lenseignement primaire supérieur, par J. Boitel. - L'enseignement technique ou professionel, par A. Millerand. - L'enseignement secondaire, par G. Lanson. - L'enseignement supérieur des sciences, par P. Appell. - L'enseignement supérieur, par C. Seignobos. - Léducation aux États-Unis, par C.-V. Langlois. - Conclusion, par A. Criset | |
| 650 | 4 |
_aEducación- _zFrancia. _9147613 |
|
| 700 | 0 |
_aCroiset, Alfred. _941668 |
|
| 700 | 1 |
_aDevinat, E. _9147619 |
|
| 700 | 1 |
_aBoitel, J. _9147620 |
|
| 830 | 0 | 0 |
_aBibliothèque générale des sciences sociales _v25 _9187778 |
| 852 |
_aES-MaACL _jC-23105 |
||
| 999 |
_c178978 _d178978 |
||